Avtomatizacija planirovanija na promyšlennom predprijatii

Gespeichert in:
Bibliographische Detailangaben
1. Verfasser: Jevsejev, Valentin Michajlovič
Weitere Verfasser: Kozačkov, Leonid Vasil'jevič, Dnistran, Fedor Ivanovič
Format: Buch
Sprache:Russisch
Veröffentlicht: Kijev Technika 1987
Ausgabe:1. izd.
Tags: Tag hinzufügen
Keine Tags, Fügen Sie das erste Tag hinzu!

MARC

LEADER 00000nam a2200000 4500
001 c022515
005 20221219132847.8
041 0 |a rus 
044 |a UA 
245 1 0 |a Avtomatizacija planirovanija na promyšlennom predprijatii  |c Valentin Michajlovič Jevsejev, Leonid Vasil'jevič Kozačkov, Fedor Ivanovič Dnistran 
250 |a 1. izd. 
264 1 |a Kijev  |b Technika  |c 1987 
300 |a 148 s. 
100 1 |a Jevsejev, Valentin Michajlovič 
700 1 |a Kozačkov, Leonid Vasil'jevič 
700 1 |a Dnistran, Fedor Ivanovič